| 000 | 00377cam a2200157ua 4500 | ||
|---|---|---|---|
| 003 | OSt | ||
| 008 | 240203b |||||||| |||| 00| 0 eng d | ||
| 041 | _aeng | ||
| 082 |
_a631.4 _bSTE/AD |
||
| 100 |
_aStewert, B A . _95822 |
||
| 245 | 0 | 0 | _aAdvances in soil science, Vol 7 / |
| 250 | _a / | ||
| 260 |
_aNew York : _bSpringer Verlag , _c1987. |
||
| 300 | _a228 ; . | ||
| 942 | _cBK | ||
| 999 |
_c406 _d406 |
||